| 000 | 01635nam a2200241Ia 4500 | ||
|---|---|---|---|
| 999 |
_c51864 _d51864 |
||
| 001 | 18862 | ||
| 003 | GE_BSU | ||
| 005 | 20210415120118.0 | ||
| 008 | 181216s2014||||ge |||||||||||||| ||geo|| | ||
| 040 | _cGE_BSU | ||
| 041 | _ageo | ||
| 080 | _a61 ხ-12 | ||
| 100 |
_aხაბურზანია, მაკა _911371 |
||
| 245 |
_aელექტროენცეფალოგრაფიული მახასიათებლების პროგნოზული მნიშვნელობა სხვადასხვა ეტიოლოგიის კომის დროს / _cმაკა ხაბურძანია ; სამეცნიერო ხელმძღვანელი მაია ბერიძე; თბილისის სახელმწიფო სამედიცინო უნივერსიტეტი. |
||
| 264 |
_aთბილისი, _c2014. |
||
| 300 |
_a160 გვ. ; _b30 სმ |
||
| 653 | _aდისერტაცია | ||
| 653 | _aელექტროენცეფალოგრაფიული მახასიათებლების პროგნოზულუ მნიშვნელობა სხვადასხვა ეტიოლოგიის კომის დროს | ||
| 653 | _aმედიცინა | ||
| 700 |
_aბერიძე, მაია _eსამეცნიერო ხელმძღვანელი _96319 |
||
| 710 |
_aთბილისის სახელმწიფო სამედიცინო უნივერსიტეტი _911372 |
||
| 942 |
_cBK _2udc |
||